Boom Beach Characters - Statistics

General Stats
  • This quiz has been taken 3 times
  • The average score is 6 of 12
Answer Stats
Picture Answer % Correct
Medic
100%
Tank
100%
Heavy
67%
Lieutenant Hammerman
67%
Warrior
67%
Zooka
67%
Colonel Gearheart
33%
Grenadier
33%
Rifleman
33%
Scorcher
33%
Dr. Terror
0%
Villager
0%
No matching quizzes found
Score Distribution
Percent of People with Each Score
Percentile by Number Answered
Your Score History
You have not taken this quiz